Rušenie štátnych fondov si vyžiadalo kompromisy

Vláda SR schválila koncom septembra 2001 návrh zákona o zrušení niektorých štátnych fondov. Z dvanástich štátnych fondov by malo koncom roka zaniknúť deväť. Koncepcia transformácie štátnych fondov. Kompromisy s jednotlivými rezortami. Rozpočet 12 štátnych fondov. Dôvody rušenia štátnych fondov. Hosp...

Full description

Saved in:
Bibliographic Details
Main Author: Apolen, Peter
Format: Book Chapter
Language:Slovak
Subjects:
Tags: Add Tag
No Tags, Be the first to tag this record!

MARC

LEADER 00000naa a2200000 4500
001 r042946
005 20230921111432.3
041 0 |a slo 
044 |a SK 
245 1 0 |a Rušenie štátnych fondov si vyžiadalo kompromisy  |c Peter Apolen 
520 |a Vláda SR schválila koncom septembra 2001 návrh zákona o zrušení niektorých štátnych fondov. Z dvanástich štátnych fondov by malo koncom roka zaniknúť deväť. Koncepcia transformácie štátnych fondov. Kompromisy s jednotlivými rezortami. Rozpočet 12 štátnych fondov. Dôvody rušenia štátnych fondov. Hospodárenie štátnych fondov v r. 2000. 
610 2 0 |a financie štátne 
610 2 0 |a fondy štátne 
610 2 0 |a financie verejné 
610 2 0 |a fondy verejné 
610 2 0 |a hospodárenie finančné 
610 2 0 |a kontrola 
610 2 0 |a príjmy 
610 2 0 |a výdavky 
610 2 0 |a správa verejná 
610 2 0 |a Slovensko 
100 1 |a Apolen, Peter